01013 a2200169 45000010006000000050017000060080041000230030015000640400040000790800040001192450036001592640035001953000019002305050565002490410008008141000021008225420920260407155812.0260407a1967 arg spa dAR-UNSa-BCEJYS aAR-UNSa-BCEJYSbspacAR-UNSa-BCEJYS a338.23:336.74xPolítica monetaria10aTécnicas de control monetario 1aMéxico :bLimusa-Wileyc1967 a250 p.c19 cm. a1. Innovaciones en la teoría de la banca central: Juicio crítico y examen preliminar - 2. Contraste entre operaciones de mercado abierto y variación del encaje legal - 3. Reservas legales complementarias para operaciones en valores - 4. Operaciones de mercado abierto;la doctrina de "sólo documentos" y la estabilización económica - 5. Tasa bancaria,tasa de redescuento y otras tasas de interés - 6. Influencia de la persuación moral - 7. Contraste entre bancos de depósito e intermediarios financieros - 8. Control de los depósitos a plazo aspa1 aAschheim, Joseph